| Tag |
First Indicator |
Second Indicator |
Subfields |
| LEADER |
00000cam a2200000 a 4500 |
| 001 |
in00001406465 |
| 005 |
20151020072712.0 |
| 008 |
970827s1998 cau b 001 0 eng |
| 010 |
|
|
|a 97033814
|
| 020 |
|
|
|a 0761908978 (cloth)
|
| 020 |
|
|
|a 0761908986 (pbk.)
|
| 035 |
|
|
|a (OCoLC)37594166
|
| 035 |
|
|
|9 AHQ3402AM
|
| 040 |
|
|
|a DLC
|c DLC
|d NLM
|d TXA
|d UtOrBLW
|
| 049 |
|
|
|a TXAM
|
| 050 |
0 |
0 |
|a RJ507.F35
|b K37 1997
|
| 060 |
0 |
0 |
|a W1
|b DE997NC v.37 1998
|
| 060 |
1 |
0 |
|a WS 105.5.F2
|b K19i 1998
|
| 069 |
0 |
|
|a 9805822
|
| 082 |
0 |
0 |
|a 616.85/822
|2 21
|
| 100 |
1 |
|
|a Kashani, Javad H.,
|d 1937-
|
| 245 |
1 |
4 |
|a The impact of family violence on children and adolescents /
|c Javad H. Kashani, Wesley D. Allan.
|
| 264 |
|
1 |
|a Thousand Oaks, CA :
|b Sage Publications,
|c [1998]
|
| 264 |
|
4 |
|c ©1998
|
| 300 |
|
|
|a xii, 111 pages ;
|c 23 cm.
|
| 336 |
|
|
|a text
|b txt
|2 rdacontent
|
| 337 |
|
|
|a unmediated
|b n
|2 rdamedia
|
| 338 |
|
|
|a volume
|b nc
|2 rdacarrier
|
| 490 |
1 |
|
|a Developmental clinical psychology and psychiatry ;
|v v. 37
|
| 504 |
|
|
|a Includes bibliographical references (pages 91-102) and index.
|
| 650 |
|
0 |
|a Family violence
|x Psychological aspects.
|
| 650 |
|
0 |
|a Abused children
|x Mental health.
|
| 650 |
|
0 |
|a Abused teenagers
|x Mental health.
|
| 650 |
|
0 |
|a Victims of family violence
|x Mental health.
|
| 650 |
1 |
2 |
|a Child of Impaired Parents
|x psychology.
|
| 650 |
2 |
2 |
|a Domestic Violence
|x psychology.
|
| 650 |
2 |
2 |
|a Child Abuse
|x psychology.
|
| 700 |
1 |
|
|a Allan, Wesley D.
|
| 830 |
|
0 |
|a Developmental clinical psychology and psychiatry ;
|v v. 37.
|
| 948 |
|
|
|a c:ce
|
| 999 |
|
|
|a MARS
|
| 999 |
f |
f |
|s d3521a00-6ca2-3a83-96ca-6f1ba9b96903
|i 77a58480-5eb0-3f6f-89e2-b1d13f415021
|t 0
|
| 952 |
f |
f |
|p ric
|a Texas A&M University
|b Rellis Campus
|c Joint Library Facility
|d Remote Storage
|t 0
|e RJ507.F35 K37 1997
|h Library of Congress classification
|i unmediated -- volume
|m A14823314904
|
| 998 |
f |
f |
|a RJ507.F35 K37 1997
|t 0
|l Remote Storage
|